| Tag |
First Indicator |
Second Indicator |
Subfields |
| LEADER |
00000cam a22000001 4500 |
| 001 |
in00000307233 |
| 005 |
20151010143656.0 |
| 008 |
700928s1968 nyua b 00010 eng |
| 010 |
|
|
|a 68018558
|
| 035 |
|
|
|a (OCoLC)00440503
|
| 035 |
|
|
|9 ABH5654AM
|
| 040 |
|
|
|a DLC
|c DLC
|d TXA
|d UtOrBLW
|
| 049 |
|
|
|a TXAM
|c [701128]
|
| 050 |
0 |
0 |
|a QC786
|b .P38
|
| 082 |
0 |
|
|a 539.7/3
|
| 100 |
1 |
|
|a Persico, Enrico,
|d 1900-1969.
|
| 245 |
1 |
0 |
|a Principles of particle accelerators /
|c [by] Enrico Persico, Ezio Ferrari [and] Sergio E. Segre.
|
| 264 |
|
1 |
|a New York :
|b W. A. Benjamin,
|c 1968.
|
| 300 |
|
|
|a x, 301 pages :
|b illustrations ;
|c 24 cm.
|
| 336 |
|
|
|a text
|b txt
|2 rdacontent
|
| 337 |
|
|
|a unmediated
|b n
|2 rdamedia
|
| 338 |
|
|
|a volume
|b nc
|2 rdacarrier
|
| 504 |
|
|
|a Bibliography: pages 289-296.
|
| 650 |
|
0 |
|a Particle accelerators.
|
| 700 |
1 |
|
|a Ferrari, Ezio.
|
| 700 |
1 |
|
|a Segre, Sergio E.
|
| 999 |
|
|
|a MARS
|
| 999 |
f |
f |
|s eea02725-dab6-3023-8ce5-f979178148f3
|i 83f71154-79cc-3040-8ffb-086f38f4dbeb
|t 0
|
| 952 |
f |
f |
|p normal
|a Texas A&M University
|b College Station
|c Sterling C. Evans Library
|d Evans: Library Stacks
|t 0
|e QC786 .P38
|h Library of Congress classification
|i unmediated -- volume
|m A14804649528
|
| 998 |
f |
f |
|a QC786 .P38
|t 0
|l Evans: Library Stacks
|